[Event "Titled Tuesday intern op 30th May Early"]
[Site "Chess.com INT"]
[Date "2023.05.30"]
[Round "3"]
[White "Mortazavi, Ali"]
[Black "Wang, Ricky"]
[Result "1-0"]
[WhiteElo "2333"]
[BlackElo "1993"]
[PlyCount "73"]
[EventDate "2023.05.30"]
[EventType "swiss (blitz)"]
[EventRounds "11"]
[EventCountry "USA"]
[SourceTitle "CBM 214 Extra"]
[Source "ChessBase"]
[SourceDate "2023.07.31"]
[SourceVersion "1"]
[SourceVersionDate "2023.07.31"]
[SourceQuality "1"]

1. Nf3 c5 2. g3 Nc6 3. Bg2 g6 4. 0-0 Bg7 5. d3 d6 6. e4 e6 7. c3 Nge7 8. d4 b6 9. d5 Na5 10. dxe6 Bxe6 11. Ng5 Bc4 12. Re1 0-0 13. Na3 Ba6 14. Bf4 Nb7 15. Qa4 Na5 16. Rad1 h6 17. Nf3 Qe8 18. Qxe8 Rfxe8 19. Bxd6 Rad8 20. Bh3 Nc8 21. Bc7 Rxd1 22. Rxd1 Be2 23. Rd8 Rxd8 24. Bxd8 Bxf3 25. Bxc8 Bxe4 26. Nb5 Nc4 27. b3 Nd2 28. Nxa7 Nf3+ 29. Kf1 Bd3+ 30. Kg2 Ne1+ 31. Kh3 Bxc3 32. Bxb6 h5 33. g4 Bf6 34. Bxc5 h4 35. g5 Bf5+ 36. Bxf5 gxf5 37. gxf6 1-0

[Event "Titled Tuesday intern op 30th May Early"]
[Site "Chess.com INT"]
[Date "2023.05.30"]
[Round "1"]
[White "Wang, Ricky"]
[Black "Kleiman, Jake"]
[Result "0-1"]
[WhiteElo "1993"]
[BlackElo "2399"]
[PlyCount "114"]
[EventDate "2023.05.30"]
[EventType "swiss (blitz)"]
[EventRounds "11"]
[EventCountry "USA"]
[SourceTitle "CBM 214 Extra"]
[Source "ChessBase"]
[SourceDate "2023.07.31"]
[SourceVersion "1"]
[SourceVersionDate "2023.07.31"]
[SourceQuality "1"]

1. e4 e5 2. Nf3 Nc6 3. d4 exd4 4. Nxd4 Bb4+ 5. c3 Bc5 6. Nb3 Bb6 7. Qe2 Nf6 8. Be3 0-0 9. N1d2 Re8 10. f3 d5 11. Bxb6 axb6 12. 0-0-0 Rxa2 13. Kb1 Ra8 14. f4 Bg4 15. Nf3 dxe4 16. Rxd8 Raxd8 17. Qc2 exf3 18. gxf3 Re1+ 19. Nc1 Bxf3 20. Bg2 Rxh1 21. Bxf3 Rf1 22. Qe2 Rdd1 23. Qxd1 Rxd1 24. Bxd1 Kf8 25. Bf3 Ke7 26. Kc2 g6 27. Nd3 Ne8 28. Kb3 Nd6 29. Bd5 Nd8 30. Kc2 c6 31. Bb3 Ne6 32. Kd2 Ne4+ 33. Ke3 N4c5 34. Bc2 Nxd3 35. Bxd3 f5 36. c4 Kd6 37. b4 Nc7 38. Kd4 c5+ 39. bxc5+ bxc5+ 40. Ke3 Ne6 41. Bf1 Nd4 42. Bg2 b6 43. Bf1 Ke6 44. Bg2 Kf6 45. Bh3 h6 46. Bg2 g5 47. h3 Ne6 48. fxg5+ hxg5 49. Bc6 Ke5 50. Bg2 Nd4 51. Bb7 b5 52. cxb5 Nxb5 53. Bc6 Nd4 54. Be8 c4 55. Kd2 Nf3+ 56. Ke2 Ng1+ 57. Kf2 Nxh3+ 0-1

[Event "Titled Tuesday intern op 30th May Early"]
[Site "Chess.com INT"]
[Date "2023.05.30"]
[Round "9"]
[White "Wang, Ricky"]
[Black "Miranda, Rafael"]
[Result "0-1"]
[WhiteElo "1993"]
[BlackElo "2324"]
[PlyCount "51"]
[EventDate "2023.05.30"]
[EventType "swiss (blitz)"]
[EventRounds "11"]
[EventCountry "USA"]
[SourceTitle "CBM 214 Extra"]
[Source "ChessBase"]
[SourceDate "2023.07.31"]
[SourceVersion "1"]
[SourceVersionDate "2023.07.31"]
[SourceQuality "1"]

1. e4 e5 2. Nf3 Nc6 3. d4 exd4 4. Nxd4 Bb4+ 5. c3 Bc5 6. Be3 Bb6 7. Nxc6 bxc6 8. Bxb6 axb6 9. Be2 d6 10. 0-0 Nf6 11. Re1 0-0 12. c4 Nd7 13. Nc3 Qf6 14. Bg4 Ne5 15. Bxc8 Raxc8 16. b3 Nxc4 17. Rc1 Ne5 18. f4 Qxf4 19. Ne2 Qe3+ 20. Kh1 Nd3 21. Qc2 Nf2+ 22. Kg1 Nxe4+ 23. Kh1 Nf2+ 24. Kg1 Nd3+ 25. Kh1 Rfe8 26. Qc3 0-1

[Event "Columbus Schwarzenegger op"]
[Site "Columbus"]
[Date "2017.03.03"]
[Round "1"]
[White "Wang, Ricky"]
[Black "Feng, Maggie"]
[Result "0-1"]
[WhiteElo "1844"]
[BlackElo "2162"]
[PlyCount "154"]
[EventDate "2017.03.03"]
[EventType "swiss"]
[EventRounds "5"]
[EventCountry "USA"]
[SourceTitle "CBM 177 Extra"]
[Source "ChessBase"]
[SourceDate "2017.04.27"]
[SourceVersion "1"]
[SourceVersionDate "2017.04.27"]
[SourceQuality "1"]

1. d4 d5 2. Bf4 Nf6 3. e3 c5 4. dxc5 e6 5. b4 a5 6. c3 Nc6 7. Bb5 Bd7 8. Nf3 Be7 9. 0-0 0-0 10. h3 b6 11. Bxc6 Bxc6 12. Ne5 Bb5 13. c4 Be8 14. cxb6 axb4 15. b7 Rb8 16. a3 Rxb7 17. axb4 Rxb4 18. Nd2 dxc4 19. Ndxc4 Qxd1 20. Rfxd1 Nd5 21. Na5 Nxf4 22. Nac6 Nxh3+ 23. gxh3 Rb7 24. Rab1 Rc7 25. Nxe7+ Rxe7 26. Rd8 f6 27. Nc4 Bc6 28. Rbb8 Rxd8 29. Rxd8+ Kf7 30. Kh2 Kg6 31. Kg3 e5 32. Rd6 Bb5 33. Nd2 Rd7 34. Ne4 Rxd6 35. Nxd6 Bc6 36. f4 exf4+ 37. exf4 Bd7 38. h4 f5 39. Nc4 Kf6 40. Ne5 Bb5 41. Nf3 Be2 42. Nd4 Bg4 43. Nc6 Ke6 44. Ne5 Bh5 45. Nc6 Kd5 46. Ne7+ Ke4 47. Nc8 Bg4 48. Nd6+ Kd5 49. Nf7 Bh5 50. Ne5 h6 51. Nd3 Kd4 52. Ne5 Ke4 53. Nd7 Kd5 54. Ne5 Be8 55. Nd3 Bb5 56. Ne5 Ke4 57. Nf7 Bd7 58. Ne5 Be6 59. Nc6 Bc4 60. Ne7 Bf7 61. Nc8 Be6 62. Ne7 Bd7 63. Ng6 Be8 64. Ne7 Bd7 65. Ng6 Be6 66. Ne7 Ke3 67. Nc6 g5 68. hxg5 hxg5 69. fxg5 f4+ 70. Kh2 f3 71. Nb4 Bb3 72. g6 f2 73. g7 f1Q 74. Nc2+ Kf2 75. g8Q Bxg8 76. Ne1 Qg1+ 77. Kh3 Qg3# 0-1

[Event "Windsor NAYCC U14"]
[Site "Windsor"]
[Date "2016.08.11"]
[Round "8.62"]
[White "Liu, Aristo S"]
[Black "Wang, Ricky"]
[Result "0-1"]
[WhiteElo "1914"]
[BlackElo "1807"]
[PlyCount "100"]
[EventDate "2016.08.07"]
[EventType "swiss"]
[EventRounds "9"]
[EventCountry "CAN"]
[SourceTitle "EXT 2022"]
[Source "ChessBase"]
[SourceDate "2021.10.06"]
[SourceVersion "1"]
[SourceVersionDate "2021.10.06"]
[SourceQuality "1"]

1. e4 e5 2. Nf3 Nc6 3. d4 exd4 4. Nxd4 Bc5 5. Nb3 Bb6 6. Nc3 Nf6 7. Qe2 0-0 8. Be3 d5 9. Bxb6 axb6 10. 0-0-0 Re8 11. f3 Na5 12. Kb1 Nxb3 13. axb3 c6 14. Qf2 b5 15. exd5 Qa5 16. Kc1 Qa1+ 17. Nb1 Nxd5 18. Qd4 Bf5 19. Bd3 Bxd3 20. Rxd3 Ra2 21. b4 Rea8 22. b3 h6 23. Re1 Nxb4 24. Qxa1 Rxc2+ 25. Kd1 Rxa1 26. Re8+ Kh7 27. Rd2 Rxb1+ 28. Ke2 Rbb2 29. Rxc2 Rxc2+ 30. Kf1 Kg6 31. Re4 Nd5 32. h4 Rb2 33. Rg4+ Kf6 34. h5 Rxb3 35. Re4 Re3 36. Rd4 b4 37. Rd2 b3 38. g4 Rxf3+ 39. Kg1 Rg3+ 40. Kh1 Rxg4 41. Rb2 Rb4 42. Kh2 c5 43. Kh3 Nf4+ 44. Kg3 Nd3 45. Rb1 b2 46. Kh3 Rf4 47. Kg3 c4 48. Kh2 c3 49. Rg1 c2 50. Kh3 c1Q 0-1